LEADER 01117nam a2200277 i 4500 001 000000226975 003 CaOOAMICUS 005 20140211000000.0 008 140211s1992 it u000 u ita u 013 $a205877 020 $a88-09-20258-9 040 $aSeMil$bita 100 1 $aEdvardson, Cordelia.$0(OLS)http://semarc/name/78719 240 10$aBränt barn söker sig till elden.$0(OLS)http://semarc/title/324944 245 13$aLa principessa delle ombre /$cCordelia Edvardson ; traduzione Carmen Giorgetti Cima. 260 $aFirenze :$bGiunti,$c1992. 300 $a150 p. ;$c20 cm. 490 0 $aAstrea ;$v41 700 1 $aGiorgetti Cima, Carmen.$0(OLS)http://semarc/name/55708 830 0$aAstrea ;$v41.$0(OLS)http://semarc/title/8430 850 $aSeMil 852 $aSeMil$W1$xVenegono$y1$m1V II 227$j177321$B177321$CSeMilBibl$Z2$F189235 $81 961 $aOmaggio: Ferrario mons. Emilio 996 $6020$a88-09-20258-9$9(OLS)http://semarc/number/228400 996 $6245$aLa principessa delle ombre$9(OLS)http://semarc/title/324943 996 $6260$aFirenze :$bGiunti$9(OLS)http://semarc/publisher/30127 LEADER 01481nam a2200277 i 4500 001 000000119938 003 CaOOAMICUS 005 20091214000000.0 008 091214s1998 it u000 u ita u 013 $a92632 020 $a88-86270-17-8 040 $aSeMil$bita 100 1 $aComolli, Gian Maria,$c.$0(OLS)http://semarc/name/23792 245 13$aLa pastorale sanitaria in una societā in trasformazione :$bcaratteristiche degli operatori sanitari cristiani e delle strutture sanitarie cattoliche /$cGian Maria Comolli ; prefazione del Card. Dionigi Tettamanzi. 260 $aMilano :$bEuropa Scienze Umane,$ccopyr. 1998. 300 $a209 p. ;$c22 cm. 500 $aContiene : Bibliografia ; Bibliografia documenti del magistero. - Fondo Card. C.M. Martini. 650 4$aPastorale sanitaria.$0(OLS)http://semarc/subject/4491 700 1 $aTettamanzi, Dionigi,$c.$0(OLS)http://semarc/name/89456 850 $aSeMil 852 $aSeMil$W1$xVenegono$y1$m2F II 85$j75145$B75145$CSeMilBibl$Z2$F87835 $81 941 1 $a4 961 $aOmaggio: Martini Card. Carlo Maria 996 $6020$a88-86270-17-8$9(OLS)http://semarc/number/105013 996 $6245$aLa pastorale sanitaria in una societā in trasformazione :$bcaratteristiche degli operatori sanitari cristiani e delle strutture sanitarie cattoliche$9(OLS)http://semarc/title/176401 996 $6260$aMilano :$bEuropa Scienze Umane$9(OLS)http://semarc/publisher/40751